[Event "Druzynowe Mistrzostwa Polski - II Liga S"]
[Site "Ustron/Slaski Zwiazek Szachowy"]
[Date "2008.09.06"]
[Round "1.56"]
[White "Jaroch, Karol"]
[Black "Walaszczyk, Witold"]
[Result "1-0"]
[WhiteElo "2158"]
[BlackElo "2247"]
[PlyCount "169"]
[EventDate "2008.??.??"]

1. e4 d6 2. d4 g6 3. Nc3 Bg7 4. Be3 Nf6 5. Qd2 O-O 6. f3 c6 7. h4 h5 8. O-O-O
b5 9. Bh6 b4 10. Nce2 Qa5 11. Bxg7 Kxg7 12. Kb1 Be6 13. a3 Nbd7 14. Nf4 Rab8
15. Nxe6+ fxe6 16. Nh3 Qa4 17. Ng5 bxa3 18. b3 a2+ 19. Ka1 Qa3 20. Nxe6+ Kf7
21. Nxf8 Kxf8 22. Qc3 Nb6 23. Qb2 Qb4 24. c3 Qa5 25. b4 Qa4 26. Bd3 a5 27. Qxa2
axb4 28. Qxa4 Nxa4 29. cxb4 Rxb4 30. Bc2 Nc3 31. Rd3 Ne2 32. Rhd1 Kg7 33. R1d2
Nf4 34. Rc3 Ne6 35. Rxc6 Nxd4 36. Rc7 Kf8 37. Rd1 Ne6 38. Rc8+ Kg7 39. Rb1
Rxb1+ 40. Bxb1 Nf4 41. Rc2 Nd7 42. Ba2 Kf6 43. Rd2 Nc5 44. Bc4 g5 45. g3 Ng6
46. hxg5+ Kxg5 47. Rd5+ Kh6 48. Kb2 h4 49. gxh4 Nxh4 50. Be2 Nd7 51. Kc3 Ne5
52. f4 Neg6 53. Rh5+ Kg7 54. Rg5 Kf6 55. Rg4 e6 56. Kd2 d5 57. e5+ Kf5 58. Ke3
d4+ 59. Kxd4 Nxf4 60. Rxh4 Nxe2+ 61. Ke3 Nc3 62. Rh5+ Kg4 63. Rh2 Kf5 64. Kd4
Nb5+ 65. Kc5 Nc3 66. Rc2 Ne4+ 67. Kd4 Kf4 68. Re2 Ng5 69. Rf2+ Kg4 70. Ke3 Kg3
71. Rf6 Kg4 72. Rf1 Nh3 73. Kd4 Ng5 74. Kc5 Ne4+ 75. Kc6 Nd2 76. Re1 Kf4 77.
Kc5 Ne4+ 78. Kd4 Nd2 79. Kd3 Nb3 80. Rb1 Nc5+ 81. Kd4 Nd7 82. Rf1+ Kg5 83. Rf7
Nb8 84. Kc5 Kg6 85. Rf1 1-0

[Event "Druzynowe Mistrzostwa Polski - II Liga S"]
[Site "Ustron/Slaski Zwiazek Szachowy"]
[Date "2008.09.06"]
[Round "1.58"]
[White "Ziolkowski, Dawid"]
[Black "Swiatnicki, Andrzej"]
[Result "1-0"]
[WhiteElo "2183"]
[BlackElo "2192"]
[PlyCount "73"]
[EventDate "2008.??.??"]

1. Nf3 d5 2. c4 c6 3. g3 Nf6 4. Bg2 e6 5. O-O Nbd7 6. d3 Be7 7. Nc3 O-O 8. e4
dxe4 9. dxe4 e5 10. Rb1 a5 11. a3 Qc7 12. b4 Rd8 13. Qb3 axb4 14. axb4 Nf8 15.
Bb2 Bg4 16. c5 Bxf3 17. Bxf3 Ne6 18. Bg2 Nd4 19. Qc4 b5 20. cxb6 Qxb6 21. Bc1
Qa6 22. Qxa6 Rxa6 23. f4 exf4 24. gxf4 Nc2 25. b5 Bc5+ 26. Kh1 cxb5 27. Rxb5
Ba3 28. e5 Ng4 29. Bf3 h5 30. h3 Bxc1 31. Rxc1 Nf2+ 32. Kg1 Rd2 33. Rb8+ Kh7
34. Ne4 Nxh3+ 35. Kh1 Rf2 36. Nxf2 Nxf2+ 37. Kg2 1-0

[Event "Druzynowe Mistrzostwa Polski - II Liga S"]
[Site "Ustron/Slaski Zwiazek Szachowy"]
[Date "2008.09.06"]
[Round "1.59"]
[White "Rupental, Janusz"]
[Black "Jozwicki, Jakub"]
[Result "0-1"]
[WhiteElo "2027"]
[BlackElo "2220"]
[PlyCount "73"]
[EventDate "2008.??.??"]

1. e4 c5 2. d4 cxd4 3. c3 d3 4. c4 Nf6 5. Nc3 Nc6 6. Bxd3 e6 7. Nge2 Bc5 8. O-O
a6 9. Bg5 Ne5 10. h3 Qc7 11. Kh1 Ba7 12. Rc1 d6 13. f4 Nxd3 14. Qxd3 Nd7 15.
Rfd1 Bb8 16. b4 f6 17. Bh4 O-O 18. Bg3 Re8 19. a4 Nb6 20. a5 Nxc4 21. Na4 b5
22. axb6 Qd7 23. Qb3 d5 24. Nc5 Qe7 25. Nd4 Nxb6 26. Nc6 Qf7 27. exd5 exd5 28.
Re1 Bd6 29. Rxe8+ Qxe8 30. Nd4 Ra7 31. f5 Bxg3 32. Qxg3 Qe5 33. Qd3 Rc7 34. Rf1
h6 35. Nde6 Re7 36. Qd1 Nc4 37. Qd3 0-1

[Event "Druzynowe Mistrzostwa Polski - II Liga S"]
[Site "Ustron/Slaski Zwiazek Szachowy"]
[Date "2008.09.06"]
[Round "1.60"]
[White "Bursa, Renata"]
[Black "Smolenska, Olga"]
[Result "1-0"]
[WhiteElo "2065"]
[BlackElo "1932"]
[PlyCount "83"]
[EventDate "2008.??.??"]

1. e4 e6 2. d3 d5 3. Nd2 Bd7 4. Ngf3 dxe4 5. dxe4 Bc6 6. Bd3 Nf6 7. O-O Be7 8.
Re1 O-O 9. Qe2 Nbd7 10. e5 Nd5 11. Ne4 h6 12. a3 Bc5 13. b4 Bb6 14. b5 Nxe5 15.
bxc6 Nxc6 16. c4 Nf6 17. Bb2 Nd4 18. Nxd4 Bxd4 19. Bxd4 Qxd4 20. Nxf6+ Qxf6 21.
Qe4 Rfb8 22. Reb1 b6 23. Qh7+ Kf8 24. Be4 Ke7 25. Bxa8 Rxa8 26. Qe4 Rd8 27. Rd1
Rxd1+ 28. Rxd1 Qc3 29. Qc6 Qe5 30. h3 Kf6 31. Qd7 Qe2 32. Qd4+ e5 33. Qh4+ g5
34. Qxh6+ Kf5 35. Qh7+ Kf6 36. Qd3 Qb2 37. Qd8+ Kg6 38. Qxc7 Qxa3 39. Qxe5 Qb3
40. Rd6+ Kh7 41. Qf5+ Kg7 42. Qf6+ 1-0

[Event "Druzynowe Mistrzostwa Polski - II Liga S"]
[Site "Ustron/Slaski Zwiazek Szachowy"]
[Date "2008.09.06"]
[Round "1.61"]
[White "Warszawski, Bartosz"]
[Black "Banasik, Krzysztof"]
[Result "1/2-1/2"]
[WhiteElo "2277"]
[BlackElo "2215"]
[PlyCount "90"]
[EventDate "2008.??.??"]

1. e4 e6 2. d4 d5 3. Nc3 Bb4 4. Nge2 Nf6 5. e5 Nfd7 6. a3 Be7 7. f4 c5 8. Be3
Nc6 9. dxc5 Nxc5 10. Nd4 O-O 11. Be2 Nxd4 12. Bxd4 b6 13. O-O Ne4 14. Nxe4 dxe4
15. c3 Qc7 16. b4 Bb7 17. f5 exf5 18. Rxf5 a5 19. Rf1 Rfd8 20. Qd2 Qxe5 21. Qe3
Rxd4 22. cxd4 Qd5 23. Kh1 axb4 24. axb4 Rd8 25. b5 h6 26. Ra4 Bf6 27. Bc4 Qd6
28. Ra7 Bd5 29. Qb3 Qe6 30. Bxd5 Qxd5 31. Qxd5 Rxd5 32. Ra8+ Kh7 33. Re8 Rxd4
34. Re1 Rb4 35. R1xe4 Rxb5 36. h4 h5 37. Rf8 Kg6 38. Kh2 Rb3 39. g4 hxg4 40.
Rxg4+ Kf5 41. Rc4 b5 42. Rc5+ Kg4 43. Rb8 Rb2+ 44. Kh1 Rb1+ 45. Kg2 Rb2+
1/2-1/2

[Event "Druzynowe Mistrzostwa Polski - II Liga S"]
[Site "Ustron/Slaski Zwiazek Szachowy"]
[Date "2008.09.06"]
[Round "1.62"]
[White "Tustanowski, Robert"]
[Black "Kaim, Piotr"]
[Result "1/2-1/2"]
[WhiteElo "2281"]
[BlackElo "2227"]
[PlyCount "46"]
[EventDate "2008.??.??"]

1. e4 c5 2. Nf3 d6 3. Bc4 Nc6 4. c3 Nf6 5. d3 g6 6. O-O Bg7 7. Re1 O-O 8. Bb3
e5 9. h3 b6 10. Bg5 Bb7 11. Bd5 Qd7 12. Bxf6 Bxf6 13. a4 Nd8 14. Bxb7 Qxb7 15.
Qb3 Ne6 16. g3 Qd7 17. Na3 Ng5 18. Nxg5 Bxg5 19. Kg2 Kg7 20. Qb5 Qe6 21. Qc4
Qd7 22. Qb5 Qe6 23. Qc4 Qd7 1/2-1/2

[Event "Druzynowe Mistrzostwa Polski - II Liga S"]
[Site "Ustron/Slaski Zwiazek Szachowy"]
[Date "2008.09.06"]
[Round "1.63"]
[White "Chalupnik, Marcin"]
[Black "Siekaniec, Jan"]
[Result "1-0"]
[WhiteElo "2244"]
[BlackElo "2184"]
[PlyCount "113"]
[EventDate "2008.??.??"]

1. e4 c5 2. Nf3 d6 3. b4 b6 4. bxc5 bxc5 5. Bc4 e6 6. O-O Nf6 7. e5 dxe5 8.
Nxe5 Qc7 9. Qf3 Qxe5 10. Bb5+ Nfd7 11. Qxa8 Bd6 12. f4 Qd4+ 13. Kh1 c4 14. Nc3
O-O 15. Qe4 Qf6 16. Bxc4 Nc5 17. Qe3 Bb7 18. d4 Ncd7 19. Bd3 Bc7 20. Ba3 Rd8
21. Ne4 Qh4 22. Qg3 Qxg3 23. hxg3 Nb6 24. c3 Nd5 25. Rab1 Ba8 26. Rfc1 Ne3 27.
Re1 Ng4 28. Kg1 Nd7 29. Nf2 Nxf2 30. Kxf2 Nf6 31. Be7 Ng4+ 32. Kg1 Re8 33. Bc5
Ba5 34. Rb3 Bd5 35. Ra3 Bb6 36. Bxb6 axb6 37. Rb1 Ne3 38. Rxb6 g6 39. Be2 Rc8
40. Rb2 Bc4 41. Kf2 Bxe2 42. Kxe3 Bc4 43. Rb4 Kg7 44. Raa4 Bd5 45. c4 Bxg2 46.
Ra7 h5 47. a4 Kf6 48. a5 Rh8 49. a6 h4 50. gxh4 Rxh4 51. Rc7 Rh3+ 52. Kf2 Be4
53. Ra4 Rf3+ 54. Ke2 Rxf4 55. a7 g5 56. Ra5 Bf3+ 57. Ke3 1-0

[Event "Druzynowe Mistrzostwa Polski - II Liga S"]
[Site "Ustron/Slaski Zwiazek Szachowy"]
[Date "2008.09.06"]
[Round "1.64"]
[White "Szczesniak, Konrad"]
[Black "Rams, Michal"]
[Result "0-1"]
[WhiteElo "2248"]
[BlackElo "2244"]
[PlyCount "80"]
[EventDate "2008.??.??"]

1. d4 g6 2. c4 Bg7 3. Nc3 d6 4. e4 e5 5. Nge2 Nc6 6. Be3 Nf6 7. d5 Ne7 8. f3
O-O 9. Qd2 Ne8 10. a4 f5 11. Nb5 Nf6 12. Nec3 a6 13. Na3 fxe4 14. fxe4 Ng4 15.
Be2 Nxe3 16. Qxe3 c5 17. Nc2 Bd7 18. Bf3 Kh8 19. g4 Bh6 20. Qxh6 Rxf3 21. h3
Ng8 22. Qd2 Qh4+ 23. Kd1 Bxg4 24. Kc1 Rxh3 25. Rxh3 Bxh3 26. Kb1 Rf8 27. Ka2
Qf2 28. Qc1 Kg7 29. Kb3 Nf6 30. Ne3 Qf4 31. Ne2 Qxe4 32. Ng3 Qf3 33. Qg1 Ne4
34. Nxe4 Qxe4 35. Re1 Qf4 36. Re2 b5 37. Rc2 Bf1 38. Nxf1 bxc4+ 39. Rxc4 Qxf1
40. Qg4 Qf3+ 0-1

[Event "Druzynowe Mistrzostwa Polski - II Liga S"]
[Site "Ustron/Slaski Zwiazek Szachowy"]
[Date "2008.09.06"]
[Round "1.65"]
[White "Przybyla, Kamil"]
[Black "Grajdek, Jaroslaw"]
[Result "1-0"]
[WhiteElo "2134"]
[BlackElo "2092"]
[PlyCount "35"]
[EventDate "2008.??.??"]

1. d4 Nf6 2. c4 e6 3. Nc3 d5 4. Nf3 c6 5. e3 Nbd7 6. Bd3 Bd6 7. e4 dxe4 8. Nxe4
Nxe4 9. Bxe4 f5 10. Bc2 O-O 11. O-O e5 12. c5 Bc7 13. Bb3+ Kh8 14. Ng5 exd4 15.
Ne6 Bxh2+ 16. Kxh2 Qh4+ 17. Kg1 Nf6 18. Bg5 1-0

[Event "Druzynowe Mistrzostwa Polski - II Liga S"]
[Site "Ustron/Slaski Zwiazek Szachowy"]
[Date "2008.09.06"]
[Round "1.66"]
[White "Buksa, Ewelina"]
[Black "Zajkowska, Olga"]
[Result "0-1"]
[WhiteElo "1555"]
[BlackElo "1887"]
[PlyCount "92"]
[EventDate "2008.??.??"]

1. e4 d6 2. d4 Nf6 3. Nc3 g6 4. Nf3 Bg7 5. Be2 O-O 6. O-O c6 7. Be3 Qc7 8. Qd2
b5 9. a3 a6 10. h3 Nbd7 11. Bd3 c5 12. dxc5 Nxc5 13. Rfe1 Rd8 14. Rab1 Bb7 15.
Bf4 Rac8 16. Qe2 Nh5 17. Bd2 Ne6 18. Qf1 Qd7 19. Ne2 Nc5 20. Nc3 h6 21. Nd1
Nxd3 22. cxd3 Rc2 23. Bc3 Rc8 24. Bxg7 Kxg7 25. Nc3 Nf4 26. Red1 Rxb2 27. Rxb2
Rxc3 28. Ra2 Qe6 29. Raa1 Qb3 30. Rdb1 Qa4 31. Rb4 Qa5 32. Qb1 Nxd3 33. Ne1
Nxb4 34. Qb2 Nc6 35. Rc1 Qxa3 36. Qxc3+ Qxc3 37. Rxc3 b4 38. Rc1 a5 39. f3 b3
40. Nd3 Ba6 41. Nb2 Bb5 42. Ra1 a4 43. Kf2 Nd4 44. Nd1 Nc2 45. Rc1 a3 46. Nc3
a2 0-1

[Event "Druzynowe Mistrzostwa Polski - II Liga Seniorow"]
[Site "Ustron/Slaski Zwiazek Szachowy"]
[Date "2008.09.06"]
[Round "1.67"]
[White "Pinkas, Karol"]
[Black "Shkapenko, Pavel"]
[Result "1/2-1/2"]
[WhiteTitle "IM"]
[BlackTitle "IM"]
[WhiteElo "2317"]
[BlackElo "2404"]

1. e4 c5 2. Nf3 e6 3. d4 cxd4 4. Nxd4 Nf6 5. Nc3 Nc6 6. g3
Qb6 7. Nb3 Bb4 8. Bg2 d5 9. exd5 Nxd5 10. O-O Bxc3 11. bxc3 O-O 12. c4 Nde7 13.
Bb2 e5 14. c5 Qa6 15. Re1 f6 16. f4 Be6 17. fxe5 Rad8 18. Qh5 fxe5 19. Rxe5
Nxe5 20. Qxe5 Rf7 21. c6 Qb6+ 22. Bd4 Rxd4 23. Qxd4 Nxc6 24. Qxb6 axb6 1/2-1/2

[Event "Druzynowe Mistrzostwa Polski - II Liga Seniorow"]
[Site "Ustron/Slaski Zwiazek Szachowy"]
[Date "2008.09.06"]
[Round "1.68"]
[White "Kos, Pawel"]
[Black "Tokarski, Bartosz"]
[Result "0-1"]
[WhiteTitle "k"]
[BlackTitle "I++"]
[WhiteElo "2275"]
[BlackElo "2157"]

1. Nf3 Nf6 2. c4 g6 3. b3 Bg7 4. Bb2 O-O 5. e3 d6 6. Be2
Nc6 7. O-O e5 8. d3 h6 9. Nbd2 Be6 10. a3 a5 11. Rc1 Nd7 12. d4 exd4 13. Nxd4
Nxd4 14. Bxd4 Ne5 15. f4 Nc6 16. Bxg7 Kxg7 17. Bd3 f5 18. e4 Qf6 19. Kh1 Rae8
20. g4 fxe4 21. Bxe4 Qd4 22. f5 Bd7 23. c5 d5 24. Bg2 gxf5 25. gxf5 Bxf5 26.
Rf3 Ne5 27. Rg3+ Kh7 28. Nf3 Qxd1+ 29. Rxd1 Nd3 30. Kg1 c6 31. Nh4 Nxc5 32.
Bxd5 cxd5 33. Rxd5 Re1+ 34. Kf2 Be4+ 35. Kxe1 Bxd5 36. b4 Ne4 37. Re3 a4 38.
Rd3 Re8 39. Rd4 Bc6 40. Kd1 Re7 41. Nf5 Rd7 0-1

[Event "Druzynowe Mistrzostwa Polski - II Liga Seniorow"]
[Site "Ustron/Slaski Zwiazek Szachowy"]
[Date "2008.09.06"]
[Round "1.69"]
[White "Zowada, Kazimierz"]
[Black "Barwinski, Dionizy"]
[Result "0-1"]
[WhiteTitle "k"]
[BlackTitle "FM"]
[WhiteElo "2196"]
[BlackElo "2183"]

1. Nf3 Nf6 2. d4 e6 3. Bg5 Be7 4. e3 O-O 5. c4 d5 6. Nc3
Nbd7 7. Qc2 h6 8. Bh4 b6 9. cxd5 exd5 10. Bb5 Bb7 11. O-O c6 12. Bd3 Re8 13.
Rac1 b5 14. Bf5 a5 15. a4 b4 16. Ne2 Ne4 17. Bxd7 Qxd7 18. Ne5 Qd6 19. f3 Bxh4
20. fxe4 Bf6 21. Ng4 Bg5 22. e5 Qe6 23. Rf5 b3 24. Qb1 Bc8 25. Rcf1 Qg6 26. e4
dxe4 27. Qxe4 Bxf5 28. Rxf5 Rab8 29. Qf3 Rb4 30. h4 Bd2 31. Nf6+ gxf6 32. Rxf6
Qg7 33. Qxc6 Rf8 34. Rf3 Kh8 35. Rg3 Bg5 36. hxg5 hxg5 37. e6 fxe6 38. Qxe6 Rf7
39. Qd5 Rxa4 40. Rxg5 Ra1+ 41. Kh2 Qh6+ 42. Kg3 Qxg5+ 43. Qxg5 Rg7 44. Qxg7+
Kxg7 45. Nc3 Rc1 46. Nb5 Rc2 0-1

[Event "Druzynowe Mistrzostwa Polski - II Liga Seniorow"]
[Site "Ustron/Slaski Zwiazek Szachowy"]
[Date "2008.09.06"]
[Round "1.70"]
[White "Kalinowski, Roman"]
[Black "Guzik, Jolanta"]
[Result "0-1"]
[WhiteTitle "I"]
[BlackTitle "WFM"]
[WhiteElo "2225"]
[BlackElo "2095"]

1. d4 d5 2. c4 e6 3. Nc3 c6 4. Nf3 Nf6 5. cxd5 exd5 6. Bg5
Be7 7. Qc2 Nbd7 8. e3 O-O 9. Bd3 Re8 10. O-O Nf8 11. Rab1 Ne4 12. Bxe7 Qxe7 13.
b4 a6 14. a4 Ng6 15. b5 axb5 16. axb5 Ra3 17. Bxe4 dxe4 18. Nd2 Bf5 19. Nc4 Ra7
20. b6 Raa8 21. d5 Qg5 22. Ne2 cxd5 23. Nd6 Re7 24. Nxf5 Qxf5 25. f4 Nf8 26.
Nd4 Qf6 27. Qb3 Rd7 28. Rfc1 h6 29. Rc5 Rad8 30. Rc7 Ne6 31. Nxe6 Qxe6 32. Rd1
Qd6 33. Rxd7 Rxd7 34. Qb2 Qc5 35. Qd4 Qxd4 36. Rxd4 Rd6 37. Rb4 Kf8 38. Kf2 Ke7
39. Ke2 Rc6 40. Kd2 Kd6 41. Rb5 Rc5 42. Rb2 Kc6 43. g4 Rc4 44. h4 Kc5 45. g5
hxg5 46. fxg5 g6 47. Rb1 Ra4 48. Rf1 Ra2+ 49. Kc3 Re2 50. Rxf7 Rxe3+ 51. Kd2
Rh3 52. Rxb7 Rxh4 53. Rg7 Kxb6 54. Rxg6+ Kc5 55. Rg8 Kd4 56. g6 Rh2+ 57. Ke1
Rg2 58. g7 e3 59. Ra8 Rxg7 60. Ra4+ Kd3 61. Ra3+ Ke4 62. Ra4+ d4 63. Ke2 Rg2+
64. Ke1 Kf3 65. Ra5 Rg1# 0-1

[Event "Druzynowe Mistrzostwa Polski - II Liga Seniorow"]
[Site "Ustron/Slaski Zwiazek Szachowy"]
[Date "2008.09.06"]
[Round "1.71"]
[White "Siedlinski, Piotr"]
[Black "Bartoszek, Henryk"]
[Result "1-0"]
[WhiteTitle "II+"]
[BlackTitle "I"]
[WhiteElo "1853"]
[BlackElo "1981"]

1. e4 Nf6 2. Nc3 d5 3. exd5 Nxd5 4. Bc4 e6 5. Nge2 Be7 6.
d4 O-O 7. O-O c6 8. Nxd5 exd5 9. Bd3 Nd7 10. c3 h6 11. Bf4 Re8 12. Re1 Nf8 13.
Ng3 Bd7 14. Qf3 Bg5 15. Rxe8 Qxe8 16. Kf1 Bxf4 17. Qxf4 Qb8 18. Nh5 Qxf4 19.
Nxf4 Re8 20. Re1 Rxe1+ 21. Kxe1 g6 22. Ke2 g5 23. Nh3 Bxh3 24. gxh3 Ne6 25. Bf5
Kg7 26. h4 Kf6 27. Bg4 gxh4 28. Ke3 Kg5 29. Bxe6 fxe6 30. h3 Kf5 31. f4 h5 32.
Kf3 b6 33. b4 Kf6 34. a4 Ke7 35. Ke2 Kd6 36. Ke3 Kc7 37. f5 exf5 38. Kf4 Kd6
39. Kxf5 a6 40. Kf6 Kd7 41. Kg5 Ke6 42. Kxh4 Kf5 43. Kxh5 c5 44. bxc5 bxc5 45.
dxc5 1-0

[Event "Druzynowe Mistrzostwa Polski - II Liga Seniorow"]
[Site "Ustron/Slaski Zwiazek Szachowy"]
[Date "2008.09.06"]
[Round "1.73"]
[White "Flis, Jacek"]
[Black "Wawrowski, Zbigniew"]
[Result "1/2-1/2"]
[WhiteTitle "FM"]
[BlackTitle "k"]
[WhiteElo "2302"]
[BlackElo "2201"]

1. e4 Nc6 2. Nf3 e5 3. Bc4 Nf6 4. d3 Bc5 5. O-O d6 6. c3
Bg4 7. h3 Bh5 8. Re1 O-O 9. Bb3 Re8 10. g4 Bg6 11. Bg5 Bb6 12. Nbd2 Qe7 13. Nf1
Nd8 14. Ne3 Bxe3 15. fxe3 Ne6 16. Bh4 c6 17. Rf1 Nc5 18. Nh2 Nxb3 19. axb3 d5
20. exd5 cxd5 21. Bxf6 gxf6 22. Rf2 Kg7 23. Qd2 Qd7 24. Raf1 Re6 25. b4 Qb5 26.
d4 Rae8 27. Nf3 Qd3 28. Qxd3 Bxd3 29. Rd1 Be4 30. dxe5 Bxf3 31. Rxf3 Rxe5 32.
Kf2 Kg6 33. Rd3 h5 34. Rf4 hxg4 35. hxg4 Kg5 36. Rfd4 f5 37. Rxd5 fxg4 38.
Rxe5+ Rxe5 39. Rd7 Rf5+ 40. Kg2 Kh4 41. e4 Rf4 42. Rxb7 g3 43. Rxa7 Rf2+ 44.
Kg1 Kh3 45. Ra5 Rxb2 46. Rh5+ Kg4 47. Rf5 Kh3 48. Rh5+ Kg4 49. Rf5 1/2-1/2

[Event "Druzynowe Mistrzostwa Polski - II Liga Seniorow"]
[Site "Ustron/Slaski Zwiazek Szachowy"]
[Date "2008.09.06"]
[Round "1.74"]
[White "Kacprzak, Robert"]
[Black "Ciesla, Adam"]
[Result "1/2-1/2"]
[WhiteTitle "II"]
[BlackTitle "m"]
[WhiteElo "1888"]
[BlackElo "2291"]

1. d4 Nf6 2. c4 g6 3. Nf3 Bg7 4. g3 O-O 5. Bg2 d6 6. O-O
Nc6 7. d5 Na5 8. Nfd2 c5 9. Nc3 a6 10. Qc2 Rb8 11. Rb1 b5 12. cxb5 axb5 13. b4
cxb4 14. Rxb4 Bd7 15. Qd3 Qb6 16. Ba3 Rfc8 17. Nd1 Qa6 18. Ne3 Nc4 19. Bc1 Qxa2
20. Qb3 Qxb3 21. Nxb3 Ng4 22. Nxc4 bxc4 23. Rxb8 Rxb8 24. Na5 c3 25. Nc6 Re8
26. Ba3 Bf5 27. Rc1 Kf8 28. Bb4 Ra8 29. h3 Nf6 30. Bxc3 Re8 31. Ra1 h5 32. Ra7
Ng8 33. Bxg7+ Kxg7 34. f4 Bc8 35. e4 Kf8 36. Kf2 Nf6 37. Ke3 e6 38. dxe6 Bxe6
39. Kd4 Rc8 40. e5 Ne8 41. h4 Nc7 42. Rb7 Ne8 43. Be4 Ra8 44. Ra7 Rc8 45. Rb7
Ra8 46. Ra7 Rxa7 47. Nxa7 Ke7 48. Nb5 dxe5+ 49. Kxe5 Nf6 50. Bf3 Nd7+ 51. Kd4
Nf6 52. Nc3 Ne8 53. Ne4 Bf5 54. Nc3 Nd6 55. Be2 Be6 56. Bd3 Bf5 57. Be2 Ke6 58.
Bf3 Bc2 59. g4 hxg4 60. Bxg4+ Nf5+ 61. Kc5 Kf6 62. Nd5+ Kg7 63. h5 gxh5 64.
Bxh5 1/2-1/2

[Event "Druzynowe Mistrzostwa Polski - II Liga Seniorow"]
[Site "Ustron/Slaski Zwiazek Szachowy"]
[Date "2008.09.06"]
[Round "1.75"]
[White "Klekowski, Maciej"]
[Black "Rychlik, Piotr"]
[Result "0-1"]
[WhiteTitle "I++"]
[BlackTitle "I++"]
[WhiteElo "2197"]
[BlackElo "2074"]

1. c4 Nf6 2. Nc3 e6 3. e4 d5 4. e5 d4 5. Nb1 Nfd7 6. f4
Nc6 7. Nf3 d3 8. a3 a5 9. Nc3 Nc5 10. Na4 Nd4 11. Nxd4 Qxd4 12. Nxc5 Bxc5 13.
Qf3 Bd7 14. Bxd3 Bc6 15. Qe3 O-O-O 16. Be2 Bxg2 17. Rg1 Be4 18. Qxd4 Bxd4 19.
Rg3 g6 20. d3 Bf5 21. Rb1 h5 22. h3 f6 23. exf6 Bxf6 24. Rf3 Rhe8 25. Kf1 Rd7
26. Ke1 a4 27. b3 Red8 28. Kd2 axb3 29. Rxb3 g5 30. fxg5 Bxg5+ 31. Kc2 Bxc1 32.
Kxc1 Rg7 33. Kd2 c6 34. Rf4 Rg3 35. Rh4 Bxh3 36. Rxh5 Bf5 37. Rh4 Kc7 38. c5
Rd5 39. Rhb4 Rxc5 40. Rxb7+ Kd6 41. d4 Rc2+ 42. Ke1 Rg1+ 43. Kf2 Rh1 44. Re3
Bg4 45. d5 exd5 46. Rbb3 Bxe2 47. Rb8 Bd1+ 48. Kg3 Rg1+ 49. Kh3 Bg4+ 50. Kh4
Bd7 0-1

[Event "Druzynowe Mistrzostwa Polski - II Liga Seniorow"]
[Site "Ustron/Slaski Zwiazek Szachowy"]
[Date "2008.09.06"]
[Round "1.76"]
[White "Szmyd, Marek"]
[Black "Piesik, Piotr"]
[Result "1/2-1/2"]
[WhiteTitle "k"]
[BlackTitle "I++"]
[WhiteElo "2199"]
[BlackElo "2150"]

1. Nf3 Nf6 2. c4 c6 3. d4 d5 4. Nc3 g6 5. Bf4 Bg7 6. e3
O-O 7. Be2 Nbd7 8. O-O b6 9. cxd5 cxd5 10. h3 Bb7 11. Qa4 Ne4 12. Rac1 a6 13.
Qb3 e6 14. Nxe4 dxe4 15. Nd2 b5 16. Rc7 Bd5 17. Qc2 Rc8 18. Rc1 Rxc7 19. Bxc7
Qa8 20. Bd6 Rd8 21. a4 Nb6 22. Bc7 Rc8 23. axb5 axb5 24. Qb1 Nc4 25. Nxc4 bxc4
26. Bd6 Qc6 27. Bc5 Qb5 28. b4 e5 29. Qc2 exd4 30. exd4 Rd8 31. Bxc4 Qd7 32.
Rd1 Qe6 33. Bxd5 Qxd5 34. Qd2 Qb3 35. Re1 f5 36. Qe3 Qd5 37. Rd1 Qc4 38. Rc1
Qd5 39. b5 Bxd4 40. Bxd4 Qxd4 41. Qxd4 Rxd4 42. Rc7 Rb4 43. Rb7 Rb1+ 44. Kh2
Rb3 45. g3 Rb2 46. Kg1 g5 47. b6 h5 48. h4 gxh4 49. gxh4 f4 50. Re7 Rxb6 51.
Rxe4 f3 52. Re5 Rg6+ 53. Kf1 Ra6 54. Rg5+ Kh7 55. Rxh5+ Kg6 56. Rg5+ Kh6 57.
Kg1 Ra4 58. Rf5 Rxh4 59. Rxf3 Kg5 60. Rb3 Ra4 61. Kg2 Kg4 62. Rb8 Ra3 63. Rb4+
Kf5 64. f3 Ra1 1/2-1/2

[Event "Druzynowe Mistrzostwa Polski - II Liga Seniorow"]
[Site "Ustron/Slaski Zwiazek Szachowy"]
[Date "2008.09.06"]
[Round "1.77"]
[White "Palacz, Krzysztof"]
[Black "Kowalczuk, Wojciech"]
[Result "0-1"]
[WhiteTitle "I+"]
[BlackTitle "k"]
[WhiteElo "2095"]
[BlackElo "2201"]

1. e4 c5 2. Nc3 Nc6 3. g3 g6 4. Bg2 Bg7 5. d3 Rb8 6. Be3
d6 7. Qd2 b5 8. Nge2 Bd7 9. O-O b4 10. Nd1 Qc8 11. d4 cxd4 12. Nxd4 Ne5 13. f4
Nc4 14. Qd3 Nf6 15. b3 Nxe3 16. Nxe3 O-O 17. f5 Qc5 18. Rad1 Bh6 19. Kh1 Bb5
20. Nxb5 Bxe3 21. Nd4 Bxd4 22. Qxd4 Qxd4 23. Rxd4 Rfc8 24. Rf2 Rc5 25. fxg6
hxg6 26. Bh3 e5 27. Rd3 Nxe4 28. Re2 Nc3 29. Re1 Rd8 30. Bg2 f6 31. Kg1 d5 32.
g4 d4 33. h4 Kg7 34. h5 e4 35. Rh3 gxh5 36. gxh5 Kh6 37. Rg3 Rg5 38. Kf2 Rxg3
39. Kxg3 d3 40. cxd3 exd3 41. Bf3 d2 42. Re6 Kg5 43. Ra6 Rd3 0-1

[Event "Druzynowe Mistrzostwa Polski - II Liga Seniorow"]
[Site "Ustron/Slaski Zwiazek Szachowy"]
[Date "2008.09.06"]
[Round "1.78"]
[White "Kmiecik, Emilia"]
[Black "Pacak, Patrycja"]
[Result "0-1"]
[WhiteTitle "I"]
[BlackTitle "I"]
[WhiteElo "1860"]
[BlackElo "1771"]

1. d4 e6 2. c4 f5 3. Nc3 Nf6 4. Nf3 b6 5. a3 Bb7 6. e3 Bd6
7. Nb5 Be7 8. Be2 O-O 9. O-O Ne4 10. Qc2 g5 11. Nc3 Qe8 12. Nd2 Nxc3 13. Qxc3
g4 14. e4 Qg6 15. Qg3 Bd6 16. e5 Be7 17. Nb3 h5 18. Qf4 Kh7 19. f3 Rg8 20. fxg4
hxg4 21. Qg3 Qh5 22. Bf4 Bh4 23. Qe3 Be7 24. Rad1 Rh8 25. d5 Kg6 26. d6 cxd6
27. exd6 Bg5 28. Nd4 Na6 29. Bd3 Nc5 30. Bc2 Ne4 31. Nb5 e5 32. Bxg5 Qxh2# 0-1

[Event "Druzynowe Mistrzostwa Polski - II Liga Seniorow"]
[Site "Ustron/Slaski Zwiazek Szachowy"]
[Date "2008.09.06"]
[Round "1.79"]
[White "Krogulski, Grzegorz"]
[Black "Bulski, Krzysztof"]
[Result "0-1"]
[WhiteTitle "m"]
[BlackTitle "FM"]
[WhiteElo "2316"]
[BlackElo "2388"]

1. e4 c5 2. Nf3 e6 3. Qe2 Nc6 4. g3 g6 5. Bg2 Bg7 6. c3
Nge7 7. d3 e5 8. Nbd2 O-O 9. h4 h6 10. h5 g5 11. Nc4 d5 12. exd5 Nxd5 13. Nfd2
f5 14. O-O b6 15. f4 exf4 16. gxf4 g4 17. Ne5 Nxe5 18. fxe5 f4 19. c4 f3 20.
Nxf3 gxf3 21. Rxf3 Rxf3 22. Bxf3 Nc7 23. Bxa8 Nxa8 24. Qe4 Nc7 25. Be3 Qe8 26.
Kf2 Qf7+ 27. Qf3 Bg4 28. Qxf7+ Kxf7 29. d4 cxd4 30. Bxd4 Ne6 31. Bc3 Bxh5 32.
a4 a5 33. Ke3 Bf8 34. Rf1+ Ke8 35. Ke4 Be2 36. Rf6 Bxc4 37. Kf5 Kd7 38. Kg6 Be7
39. Rf2 Nc5 40. Kxh6 Nxa4 41. Rf4 Bb3 42. Bd4 Nc5 43. Rf3 Bd5 44. Rf1 Ke6 45.
Kg7 Nd7 46. Rg1 Be4 47. Re1 Bf5 48. Rf1 b5 49. Ra1 a4 50. Bc3 0-1

[Event "Druzynowe Mistrzostwa Polski - II Liga Seniorow"]
[Site "Ustron/Slaski Zwiazek Szachowy"]
[Date "2008.09.06"]
[Round "1.81"]
[White "Bec, Slawomir"]
[Black "Janiszewski, Maciej"]
[Result "0-1"]
[WhiteTitle "I"]
[BlackTitle "I++"]
[WhiteElo "1782"]
[BlackElo "2072"]

1. e4 c5 2. Nf3 g6 3. d4 Bg7 4. c3 cxd4 5. cxd4 Nf6 6. Nc3
d6 7. Bc4 O-O 8. O-O Nxe4 9. Qb3 Nxc3 10. bxc3 Nc6 11. Ng5 e6 12. Bd3 e5 13. d5
Na5 14. Qb4 f5 15. Ba3 e4 16. Bb5 a6 17. Ba4 Qxg5 18. Qxa5 f4 19. Bxd6 Bh3 20.
g3 fxg3 21. hxg3 Rf3 22. Qb4 Be5 23. Bxe5 Qxe5 24. Qxb7 Rxg3+ 25. Kh1 Bg2+ 0-1

[Event "Druzynowe Mistrzostwa Polski - II Liga Seniorow"]
[Site "Ustron/Slaski Zwiazek Szachowy"]
[Date "2008.09.06"]
[Round "1.82"]
[White "Widera, Jan"]
[Black "Czarnecki, Wojciech"]
[Result "0-1"]
[WhiteTitle "k"]
[BlackTitle "I"]
[WhiteElo "2119"]
[BlackElo "2056"]

1. e4 c6 2. c4 d5 3. exd5 cxd5 4. cxd5 Qxd5 5. Nc3 Qa5 6.
d4 Nf6 7. Nf3 g6 8. Qb3 Bg7 9. Bc4 O-O 10. Ne5 e6 11. O-O Nc6 12. Nxc6 bxc6 13.
Bf4 Nd7 14. Rfd1 Qb6 15. Na4 Qa5 16. Rac1 Nb6 17. Nc3 Rd8 18. Be3 Ba6 19. Bxa6
Qxa6 20. Ne4 Nd5 21. Qc4 Qxc4 22. Rxc4 Nxe3 23. fxe3 e5 24. b3 exd4 25. exd4 f5
26. Nc5 Rd6 27. Nb7 Rd5 28. b4 Re8 29. Na5 Re2 30. Nxc6 Bf6 31. a4 f4 32. Rc5
Rd6 33. d5 f3 34. gxf3 Bg5 35. Rc3 Bf4 36. b5 g5 37. Ne7+ Rxe7 38. Rc6 Red7 39.
Rxd6 Rxd6 40. h3 Kf7 41. Kf2 a6 42. bxa6 Rxa6 43. Rd4 Ke7 44. Ke2 Kd6 45. Kd3
Be5 46. Rg4 Bf4 47. h4 h6 48. hxg5 hxg5 49. Rg1 Rxa4 50. Rb1 Kxd5 51. Rb5+ Ke6
52. Rb6+ Kf5 53. Rb5+ Kg6 54. Rb7 Ra3+ 55. Ke2 Ra2+ 56. Kf1 Be5 57. Re7 Bf6 58.
Rd7 Kf5 59. Rf7 Kg6 60. Rd7 Be5 61. Rb7 Bg3 62. Kg1 Rf2 63. Rb3 Kf5 64. Rb7
Rxf3 65. Kg2 Kg4 66. Rb2 Rd3 67. Ra2 Bf4 68. Rb2 Rd2+ 0-1